000 01020nam0a22002651 4500
001 rc\606754
005 20031121163658.2
035 _a(NLR Aleph) 005850810
090 _a5776674
_c5776674
100 _a20031121d1986 u |0rusy50 ca
101 0 _arus
102 _aRU
105 _aa |||||||||
200 1 _aСовременное состояние работ в области водородной энергетики и технологии
_fВ.А. Легасов, С.П. Малышенко, А.В. Чувелев
210 _aМ.
_cЦНИИатоминформ
_d1986
215 _a[1], 21 с.
_cграф.
_d22
225 1 _aПрепринт
_fИн-т атом. энергии им. И.В. Курчатова
_vИАЭ-4255/3
320 _aБиблиогр.: с. 21
333 _aДСП. Экз. № 005
700 1 _aЛегасов
_bВ. А.
_f1936-1988
_gВалерий Алексеевич
801 0 _aRU
_bNLR
_gpsbo
801 1 _aRU
_bELAR
_2rusmarc
852 _aNLR
_j86-50К/9217
942 _cBOOK
980 _aNB